Movies Quiz

Random Movies or Clickable Quiz

Mysterious Movie Premises Quiz Stats

 Plays Quiz Updated Feb 8, 2018

Challenge
Share
Tweet
Embed
Score 0/25 Timer 06:00
4 Plays Today
% Correct
Murder on the Orient Express
97.5%
The Sixth Sense
89.4%
Memento
84.1%
The Fugitive
80%
Rear Window
79%
Gone Girl
77.3%
Flightplan
76.4%
Minority Report
75.3%
Shutter Island
68.8%
And Then There Were None
67.2%
Rashomon
60.6%
Basic Instinct
54.9%
The Girl with the Dragon Tattoo
54.6%
% Correct
Mystic River
51.1%
North by Northwest
49.5%
Chinatown
47.3%
Rebecca
47.1%
L.A. Confidential
45.1%
Mulholland Drive
44.9%
Blow-Up
42.5%
The Conversation
38.2%
The Third Man
37.7%
Don't Look Now
28%
Diabolique
27%
Bullitt
22.6%

You're not logged in!

Compare scores with friends on all Sporcle quizzes.
Join for Free
OR
Log In

You Might Also Like...

Show Comments

Extras

Top Quizzes Today


Score Distribution

Your Account Isn't Verified!

In order to create a playlist on Sporcle, you need to verify the email address you used during registration. Go to your Sporcle Settings to finish the process.

Report this User

Report this user for behavior that violates our Community Guidelines.

Details: